| 000 | 00565nam a2200181 i 4500 | ||
|---|---|---|---|
| 001 | 30188 | ||
| 003 | ES-MaACL | ||
| 005 | 20230906154143.0 | ||
| 007 | t| | ||
| 008 | 030123s1971 sp ||||1| spa d | ||
| 100 | 1 |
_aBarth, Karl. _926105 |
|
| 245 | 1 | 0 |
_aConsideraciones sobre el tiempo de Pasión y de Pascua / _cKarl Barth ; traducción por Eloy Requena. |
| 260 |
_aMadrid : _bStudium, _c[1971] |
||
| 300 |
_a89 p. ; _c19 cm. |
||
| 600 | 0 | 4 |
_aJesucristo- _xPasión- _vMeditaciones. _966376 |
| 700 | 1 |
_aRequena, Eloy. _996289 |
|
| 852 |
_aES-MaACL _jC-48169 _bR.77284 |
||
| 999 |
_c30188 _d30188 |
||